| 000 | 00438cam a2200169 4500 | ||
|---|---|---|---|
| 001 | D13895 | ||
| 008 | 090401t xxu||||| |||| 00| 0 eng d | ||
| 035 | _a(Sirsi) u12221 | ||
| 041 | _aeng | ||
| 100 | _aSilcock, E.J. | ||
| 245 | 4 | _aThe valuation of waterworks undertakings on transfer to municipal authorities | |
| 260 |
_bInstitution of Water Engineers _cnd |
||
| 350 | _a0 | ||
| 520 | _aShelf 135 | ||
| 942 | _n0 | ||
| 948 | _c04/03/1997 | ||
| 999 |
_c86960 _d86960 |
||